| 000 | 01543cam a22002778a 4500 | ||
|---|---|---|---|
| 001 | 17091207 | ||
| 005 | 20170105102848.0 | ||
| 008 | 111220s2012 enk b 000 0 eng | ||
| 010 | _a 2011052527 | ||
| 020 | _a9780415504362 (hardback) | ||
| 040 |
_aDLC _cDLC |
||
| 043 | _aa-em--- | ||
| 050 | 0 | 0 |
_aKNW5046.8 _b.K46 2012 |
| 082 | 0 | 0 |
_a320.95987011 _223 |
| 100 | 1 | _aKent, Lia. | |
| 245 | 1 | 4 |
_aThe dynamics of transitional justice : _binternational models and local realities in East Timor / _cLia Kent. |
| 260 |
_aAbingdon, Oxon [UK] ; _aNew York : _bRoutledge, _c2012. |
||
| 263 | _a1207 | ||
| 300 | _ap. cm. | ||
| 504 | _aIncludes bibliographical references. | ||
| 505 | 0 | _aThe global celebration of transitional justice and the East Timor reality -- Interrogating 'transition' and 'justice' -- Stability versus retributive justice : unpacking the UN's East Timor 'success story' -- The serious crimes process and the commission for reception, truth and reconciliation : justice possibilities and impossibilities -- National unity, collective struggle and the future: the East Timorese leadership's narratives of justice and nation-building -- Local narratives of (in)justice: recognition, retribution and economic assistance -- Local memory practices and the emerging politics of victims' rights -- Rethinking transitional justice. | |
| 650 | 0 |
_aTransitional justice _zTimor-Leste. |
|
| 906 |
_a7 _bcbc _corignew _d1 _eecip _f20 _gy-gencatlg |
||
| 942 |
_2ddc _cBK |
||
| 999 |
_c14149 _d14149 |
||